Personnages masculins tvdu par images - Statistiques

Statistiques générales
  • Ce quiz a été pris 234 fois
  • Le résultat moyen est 10 sur 16
Statistiques - réponses
Par images Réponse % Correct
Damon Salvatore
98%
Stefan Salvatore
98%
Klaus Mikaelson
88%
Elijah Mikaelson
87%
Kol Mikaelson
82%
MATT DONOVAN
82%
Jeremy Gilbert
81%
Tyler Lockwood
79%
Kai Parker
71%
Enzo St.John
65%
Marcel Gerard
43%
Markos
21%
Aiden
20%
Sebastian
18%
Ben
14%
Rafael Waithe
9%
Aucun quiz correspondant
Distribution des résultats
% des personnes avec chaque résultat
Percentile par nombre de réponses
Votre historique - résultats
Vous n’avez pas pris ce quiz